000 01012nam a22002778a 4500
001 016182011
003 OSt
005 20141208141355.0
008 120926s2013 xxkad frb f001 0 eng d
020 _a9781107412859 (pbk.)
040 _aStDuBDS
_beng
_cStDuBDS
_dEG-ScBUE
082 0 0 _a621.38220151
_222
_bQUI
100 1 _aQuinn, Barry G.
_936819
245 1 4 _aThe estimation and tracking of frequency /
_cB. G. Quinn, E. J. Hannan.
260 _aCambridge, United Kingdom,
_aNew York, United States :
_bCambridge University Press,
_c2013.
300 _axi, 266 p. :
_bcharts, tables ;
_c26 cm.
490 0 _aCambridge series in statistical and probabilistic mathematics
500 _aOriginally published : 2001.
500 _aIncludes indexes.
504 _aBibliography : p. 259-262.
650 0 _aSignal processing
_xMathematics
_936820
653 _bENGELC
_cDecember2014
655 _vreading book
_934232
700 1 _aHannan, E. J.
_q(Edward James),
_d1921-
_936821
942 _2ddc
_k621.38220151 QUI
999 _c18732
_d18704